000 00425nam a2200157Ia 4500
008 151213s9999 xx 000 0 und d
100 _aP. H. Y . Langer
245 _aMaxwell on the interpretation of Statutes
_cP. H. Y . Langer
250 _a12th
260 _aLondon , Pakistan
_bN. M. Tripathi ( p) ( L+D)
_c1969
300 _a3707 p.
650 _aLaw
650 _aLaw
700 _aP. H. Y . Langer
999 _c2461
_d2461